20 Closest sets of 3 Capital Cities - Statistics

General Stats
  • This quiz has been taken 311 times
  • The average score is 26 of 60
Answer Stats
ANSWER % Correct
Vienna.J
92%
Budapest.D
90%
Bratislava.A
87%
Roma.B
82%
Paris.P
80%
Vatican City.S
75%
Brussels.A
73%
Bern.A
70%
San Marino.R
70%
Luxembourg.L
69%
Zagreb
65%
Belgrade.B
62%
Prague
59%
Sarajevo.P
59%
Riga.B
58%
Warsaw.M
58%
Vaduz.M
57%
Helsinki.B
55%
Sofia.K
55%
Jerusalem.V
53%
Ljubljana
53%
Minsk.C
53%
Monaco.D
53%
Tallinn.D
53%
Vilnius.F
52%
Podgorica.L
51%
Pristina.B
51%
Skopje.C
51%
Damascus.S
47%
Amman.R
45%
Guatemala City.H
35%
Dakar.V
33%
San Salvador.R
32%
Abu Dhabi.M
31%
Doha.M
31%
Pretoria.S
30%
Baku.M
29%
Yerevan.W
28%
Accra.G
27%
Banjul.B
27%
Bissau.M
27%
Freetown.P
27%
Lome.S
27%
Maputo.L
27%
Tegucigalpa.T
27%
Tbilisi.V
26%
Conakry.L
25%
Manama.P
25%
Mbabane.M
25%
Monrovia.Z
25%
Porto-Novo.T
24%
Castries.B
21%
Kingstown.V
21%
Saint John's.S
21%
Bridgetown.B
19%
Roseau.P
19%
Basseterre.B
18%
Libreville.B
16%
Malabo.T
12%
Sao Tome.Y
10%
No matching quizzes found
Score Distribution
Percent of People with Each Score
Percentile by Number Answered
Your Score History
You have not taken this quiz